Welcome to CU Library Online Public Access Catalogue (OPAC)

Western civilizations, their history and their culture. (Record no. 9704)

MARC details
000 -LEADER
fixed length control field 00584cam a2200205 4500
001 - CONTROL NUMBER
control field 770949
005 - DATE AND TIME OF LATEST TRANSACTION
control field 20260428150319.0
008 - FIXED-LENGTH DATA ELEMENTS--GENERAL INFORMATION
fixed length control field 721218s1973 nyu b 001 0 eng
020 ## - INTERNATIONAL STANDARD BOOK NUMBER
International Standard Book Number 0393093433
020 ## - INTERNATIONAL STANDARD BOOK NUMBER
International Standard Book Number 9780393093438
050 00 - LIBRARY OF CONGRESS CALL NUMBER
Classification number CB245
Item number .B86
082 00 - DEWEY DECIMAL CLASSIFICATION NUMBER
Classification number 910/.03/1821
100 1# - MAIN ENTRY--PERSONAL NAME
Personal name Burns, Edward McNall,
245 10 - TITLE STATEMENT
Title Western civilizations, their history and their culture.
250 ## - EDITION STATEMENT
Edition statement 10th edi
260 ## - PUBLICATION, DISTRIBUTION, ETC.
Place of publication, distribution, etc. New York,
Name of publisher, distributor, etc. Norton
Date of publication, distribution, etc. c1984
300 ## - PHYSICAL DESCRIPTION
Extent xxvi, 1068p, A-Z p.
Other physical details illus. (part col.)
Dimensions 24 cm.
650 #0 - SUBJECT ADDED ENTRY--TOPICAL TERM
Topical term or geographic name entry element Civilization, Western.
942 ## - ADDED ENTRY ELEMENTS (KOHA)
Source of classification or shelving scheme Library of Congress Classification
Koha item type Books
Edition 10th edi
Suppress in OPAC No
999 ## -
-- 9704
-- 9704
Holdings
Withdrawn status Lost status Source of classification or shelving scheme Damaged status Not for loan Collection Home library Current library Shelving location Date acquired Total checkouts Full call number Barcode Date last seen Price effective from Koha item type
    Library of Congress Classification     Non-fiction Main Library (Kumasi) Main Library (Kumasi) General stacks 04/28/2026   CB245.B86 BUR bssk00000249 04/28/2026 04/28/2026 Books
© 2023-2024 Copyright: Central University Libraries. All Rights Reserved | Created by: Mahone Tech Office